| 000 | 00669nac a22002051u 4500 | ||
|---|---|---|---|
| 020 | _a0333929373 | ||
| 082 |
_a658 _bCAR |
||
| 090 |
_c5291 _d5291 |
||
| 100 | _aCartwright, Roger. | ||
| 245 |
_aMastering the business environment / _c Roger I. Cartwright. |
||
| 260 |
_aBasingstoke : _b Palgrave, 2001. _c2001 |
||
| 300 |
_axii, 272 p. : _b ill. ; _c 24 cm. |
||
| 500 | _adistributer: Al-Ahram | ||
| 504 | _aIncludes bibliography :P.262-265 and index. | ||
| 511 | _acatalogued by: wessam | ||
| 650 |
_aBusiness _x Decision making |
||
| 650 | _aIndustrial management. | ||
| 650 | _aCorporate culture. | ||
| 942 |
_cBB _k658CAR |
||
| 999 |
_c5291 _d5291 |
||